<?xml version="1.0" encoding="UTF-8"?>
<record
    xmlns:xsi="http://www.w3.org/2001/XMLSchema-instance"
    xsi:schemaLocation="http://www.loc.gov/MARC21/slim http://www.loc.gov/standards/marcxml/schema/MARC21slim.xsd"
    xmlns="http://www.loc.gov/MARC21/slim">

  <leader>02100nam a2200217 a 4500</leader>
  <controlfield tag="008">171103e2014    ag ||||g |||| 00| 0 spa d</controlfield>
  <datafield tag="020" ind1=" " ind2=" ">
    <subfield code="a">9789504936923</subfield>
  </datafield>
  <datafield tag="041" ind1=" " ind2=" ">
    <subfield code="a">spa</subfield>
  </datafield>
  <datafield tag="092" ind1=" " ind2=" ">
    <subfield code="c">616.8</subfield>
    <subfield code="l">51</subfield>
    <subfield code="s">MAN</subfield>
  </datafield>
  <datafield tag="100" ind1="1" ind2=" ">
    <subfield code="a">Manes, Facundo</subfield>
    <subfield code="9">4107</subfield>
  </datafield>
  <datafield tag="245" ind1=" " ind2=" ">
    <subfield code="a">Usar el cerebro.</subfield>
    <subfield code="b">Conocer nuestra mente para vivir mejor /</subfield>
    <subfield code="c">Facundo Manes</subfield>
  </datafield>
  <datafield tag="250" ind1=" " ind2=" ">
    <subfield code="a">13a ed.</subfield>
  </datafield>
  <datafield tag="260" ind1=" " ind2=" ">
    <subfield code="a">Buenos Aires:</subfield>
    <subfield code="b">Planeta;</subfield>
    <subfield code="c">2014.</subfield>
  </datafield>
  <datafield tag="300" ind1=" " ind2=" ">
    <subfield code="a">368 p.</subfield>
    <subfield code="c">21x13 cm.</subfield>
  </datafield>
  <datafield tag="500" ind1=" " ind2=" ">
    <subfield code="a">Manes, F. y Niro, M. (2014). Usar el cerebro. Conocer nuestra mente para vivir mejor. (13a ed.). Buenos Aires : Planeta.
</subfield>
  </datafield>
  <datafield tag="505" ind1=" " ind2=" ">
    <subfield code="a">C&#xF3;mo tomamos cada una de nuestras decisiones? &#xBF;Qu&#xE9; es la ciencia? &#xBF;Y qu&#xE9; son las emociones? &#xBF;De d&#xF3;nde viene la inteligencia? El cerebro humano es la estructura m&#xE1;s complejo del universo, tanto que se propone el desaf&#xED;o de entenderse a s&#xED; mismo. Todo lo que hacemos depende de esta "m&#xE1;quina" que contiene m&#xE1;s neuronas que las estrellas que existen en nuestra galaxia. Hasta hace solo algunas d&#xE9;cadas estas inc&#xF3;gnitas eran abordadas &#xFA;nicamente por fil&#xF3;sofos, artistas, l&#xED;deres religiosos y cient&#xED;ficos que trabajan de manera aislada. Sin embargo, en los &#xFA;ltimos a&#xF1;os las neurociencias emergieron como una nueva herramienta para intentar entender estos y otros enigmas. Por tratarse de una disciplina tan importante, ligada a preguntas e interrogantes vitales, es fundamental que su trabajo y sus logros no queden atrapados en laboratorios, sino que sean conocidos y compartidos por todos y cada uno de nosotros. Por eso, un libro de como Usar el cerebro se vuelve indispensable. Porque Facundo Manes -una autoridad internacional en el tema- de la mano de Mateo Niro, no solo deja en claro que el estudio neurocient&#xED;fico resulta tan apasionante como innovador, sino tambi&#xE9;n que, m&#xE1;s all&#xE1; de sus alcances, ha logrado progresos y descubrimientos que permitieron enriquecer la calidad de vida de millones de personas. En pocas palabras: conocer nuestra mente para vivir mejor. </subfield>
  </datafield>
  <datafield tag="590" ind1=" " ind2=" ">
    <subfield code="a">Donacion Febrero 2020</subfield>
  </datafield>
  <datafield tag="655" ind1=" " ind2=" ">
    <subfield code="a">Literatura</subfield>
    <subfield code="9">2917</subfield>
  </datafield>
  <datafield tag="700" ind1="1" ind2=" ">
    <subfield code="a">Niro, Mateo</subfield>
    <subfield code="9">4108</subfield>
  </datafield>
  <datafield tag="942" ind1=" " ind2=" ">
    <subfield code="2">ddc</subfield>
    <subfield code="c">LIT</subfield>
  </datafield>
  <datafield tag="999" ind1=" " ind2=" ">
    <subfield code="c">3061</subfield>
    <subfield code="d">3061</subfield>
  </datafield>
  <datafield tag="952" ind1=" " ind2=" ">
    <subfield code="0">0</subfield>
    <subfield code="1">0</subfield>
    <subfield code="2">ddc</subfield>
    <subfield code="4">0</subfield>
    <subfield code="7">0</subfield>
    <subfield code="a">BFM</subfield>
    <subfield code="b">BFM</subfield>
    <subfield code="c">CR</subfield>
    <subfield code="d">2020-02-11</subfield>
    <subfield code="e">Donaci&#xF3;n Constanzo Juan Carlos, Febrero 2020</subfield>
    <subfield code="l">0</subfield>
    <subfield code="o">616.8 51 MAN</subfield>
    <subfield code="p">4612</subfield>
    <subfield code="r">2020-02-11</subfield>
    <subfield code="t">Ej. 1</subfield>
    <subfield code="w">2020-02-11</subfield>
    <subfield code="y">LIT</subfield>
    <subfield code="z">Donaci&#xF3;n Constanzo Juan Carlos, Febrero 2020</subfield>
  </datafield>
</record>
